Zeitschrift für romanische Philologie / (Record no. 2404)

MARC details
000 -LEADER
campo de control de longitud fija 00884nas a2200265 i 4500
001 - NÚMERO DE CONTROL
campo de control 2404
003 - IDENTIFICADOR DE NÚMERO DE CONTROL
campo de control ES-MaACL
005 - FECHA Y HORA DE LA ÚLTIMA TRANSACCIÓN
campo de control 20250217134624.0
007 - CAMPO FIJO DE DESCRIPCIÓN FÍSICA--INFORMACIÓN GENERAL
campo de control de longitud fija t|
008 - DATOS DE LONGITUD FIJA--INFORMACIÓN GENERAL
campo de control de longitud fija 950801c1877 gw q| | 1 ||er d
080 ## - NÚMERO DE LA CLASIFICACIÓN DECIMAL UNIVERSAL
Número de la Clasificación Decimal Universal 430
245 00 - MENCIÓN DEL TÍTULO
Título Zeitschrift für romanische Philologie /
Mención de responsabilidad, etc. herausgegeben von Gustav Gröber.
260 ## - PUBLICACIÓN, DISTRIBUCIÓN, ETC.
Lugar de publicación, distribución, etc. Halle, Saale :
Nombre del editor, distribuidor, etc. Max Niemeyer,
Fecha de publicación, distribución, etc. 1877- (
Fabricante Druck von Karras)
300 ## - DESCRIPCIÓN FÍSICA
Extensión 54 v. ;
Dimensiones 24 cm.
310 ## - PERIODICIDAD ACTUAL
Periodicidad actual Trimestral
362 0# - FECHAS DE PUBLICACIÓN Y/O DESIGNACIÓN SECUENCIAL
Fecha de publicación y/o designación secuencial T.1 (1877 )- T.64 (1944) ; T. 65.(1949 )-
500 ## - NOTA GENERAL
Nota general No se publicó en 1920.
650 14 - PUNTO DE ACCESO ADICIONAL DE MATERIA--TÉRMINO DE MATERIA
Término de materia o nombre geográfico como elemento de entrada Lingüística. Filología.
9 (RLIN) 14477
700 1# - ENTRADA AGREGADA--NOMBRE PERSONAL
Nombre de persona Gröber, Gustav,
Término indicativo de función/relación
9 (RLIN) 194480
700 1# - ENTRADA AGREGADA--NOMBRE PERSONAL
Nombre de persona Hoepffner, Ernest K.,
Término indicativo de función/relación
9 (RLIN) 227639
700 1# - ENTRADA AGREGADA--NOMBRE PERSONAL
Nombre de persona Hilka, Alfons,
Término indicativo de función/relación
9 (RLIN) 194482
852 ## - LOCALIZACIÓN
Ubicación ES-MaACL
Número de control de estantería Hem-116
866 #0 - MENCIÓN TEXTUAL DE FONDOS--UNIDAD BIBLIOGRÁFICA BÁSICA
Fondos 1878-92,1894-1901,1903-14,1919.1921-34(1935f.n.3-4)1936-39,1943(1944).
Holdings
Estatus retirado Estado de pérdida Estado de daño No para préstamo Colección Biblioteca de origen Biblioteca actual Ubicación en estantería Fecha de adquisición Fuente de adquisición Total de préstamos Signatura topográfica completa Código de barras Visto por última vez Precio de reemplazo Tipo de ítem Koha
        Periódicos y Revistas Biblioteca del Ateneo de Madrid Biblioteca del Ateneo de Madrid Depósito 1 17/01/2008     Hem-116 1002445 23/02/2023 23/02/2023 Revista